000 00685nam a2200253 a 4500
999 _c8892
_d8892
001 8892
003 BD-JhCC
005 20210923134021.0
008 171217s1943 bg a|||| ||aa 000 0 eng d
020 _a812190546X
035 _a(BD-JhCC)8892
040 _aBD-JhCC
_dBD-JhCC
041 _aeng
082 _a541.3
_bBAH 1943
100 _aB.S. Bahl
245 _aEssentials of Physical Chemistry /
_cB.S. Bahl; Arun Bahl; G.D. Tuli
260 _aDelhi :
_bS, Chand & Company Ltd,
_c1943.
300 _a1040 p. :
_c23 cm.
650 _aChemistry, Physical and Theoretical
700 _aBahl, Arun
700 _a Tuli, G.D.
942 _2ddc
_cBK
_02